दिव्य पुरूषःमहात्मा गौतम बुद्ध (Record no. 7178)
[ view plain ]
| 000 -LEADER | |
|---|---|
| fixed length control field | 01065 a2200217 4500 |
| 005 - DATE AND TIME OF LATEST TRANSACTION | |
| control field | 2008091506246.0 |
| 008 - FIXED-LENGTH DATA ELEMENTS--GENERAL INFORMATION | |
| fixed length control field | 080915t xxu||||| |||| 00| 0 hin d |
| 010 ## - LCCN (DPL NO) | |
| LC control number | HIN-80851 |
| 020 ## - INTERNATIONAL STANDARD BOOK NUMBER | |
| International Standard Book Number | 8170168228 |
| Terms of availability | 100.00 |
| 035 ## - SYSTEM CONTROL NUMBER | |
| System control number | HN-53197 |
| 037 ## - SOURCE OF ACQUISITION | |
| Source of stock number/acquisition | D.B.Act / pub |
| 082 ## - DEWEY DECIMAL CLASSIFICATION NUMBER | |
| Classification number | 250.33 |
| 100 ## - MAIN ENTRY--PERSONAL NAME | |
| Personal name | श्रवण कुमार |
| 245 ## - TITLE STATEMENT | |
| Title | दिव्य पुरूषःमहात्मा गौतम बुद्ध |
| Statement of responsibility, etc | श्रवण कुमार |
| 246 ## - VARYING FORM OF TITLE | |
| Title proper/short title | Divya Purush : Mahatma Gautam Buddh |
| Remainder of title | by Shrawan Kumar |
| 260 ## - PUBLICATION, DISTRIBUTION, ETC. (IMPRINT) | |
| Place of publication, distribution, etc | नई दिल्ली |
| Name of publisher, distributor, etc | किताब घर |
| Date of publication, distribution, etc | 2007 |
| 270 ## - ADDRESS | |
| Address | 24/4855, अंसारी रोड, दरियागंज |
| City | नई दिल्ली |
| Postal code | 110002 |
| 300 ## - PHYSICAL DESCRIPTION | |
| Extent | 120पृ |
| Dimensions | 22 सेमी (सजिल्द) |
| 942 ## - ADDED ENTRY ELEMENTS (KOHA) | |
| Institution code [OBSOLETE] | dpl |
| Item type | Hindi Books |
| Call number prefix | 250.33 / श्रवण |
| Source of classification or shelving scheme | Dewey Decimal Classification |
| Classification part | 250.33 |
| Call number suffix | श्रवण |
| Withdrawn status | Lost status | Source of classification or shelving scheme | Damaged status | Not for loan | Home library | Current library | Date acquired | Cost, normal purchase price | Total Checkouts | Full call number | Barcode | Date last seen | Copy number | Cost, replacement price | Koha item type |
|---|---|---|---|---|---|---|---|---|---|---|---|---|---|---|---|
| Dewey Decimal Classification | D.B.Act.Division | D.B.Act.Division | 15/09/2008 | 100.00 | 250.33 श्रवण | HN-53197 | 15/09/2008 | 1 | 100.00 | Hindi Books |
